Loading...
Literature - American Literature | 1 | 4 | 0 | 3 | 55 | 84 | 117.20 | 2 | 5 |
Literature - European Literature | 2 | 2 | 0 | 0 | 50 | 52 | 83.50 | 1 | 4 |
Science - Other Science | 1 | 3 | 0 | 1 | 45 | 30 | 95.75 | 1 | 4 |
Literature - World Literature | 0 | 4 | 0 | 2 | 40 | 86 | 115.00 | 1 | 4 |
Philosophy | 1 | 3 | 1 | 0 | 40 | 50 | 99.25 | 1 | 4 |
Social Science | 1 | 3 | 1 | 0 | 40 | 43 | 75.75 | 3 | 4 |
History - World History | 1 | 2 | 0 | 0 | 35 | 57 | 91.67 | 1 | 3 |
History - European History | 0 | 3 | 0 | 0 | 30 | 82 | 103.00 | 1 | 3 |
Beliefs | 0 | 3 | 0 | 1 | 30 | 88 | 107.00 | 1 | 3 |
Science - Chemistry | 0 | 3 | 0 | 2 | 30 | 118 | 123.67 | 1 | 3 |
Auditory Arts | 1 | 1 | 0 | 0 | 25 | 67 | 78.50 | 2 | 2 |
Visual Arts | 0 | 2 | 0 | 2 | 20 | 133 | 135.50 | 0 | 2 |
History - American History | 0 | 2 | 0 | 0 | 20 | 72 | 89.50 | 1 | 2 |
Other Academic | 1 | 0 | 0 | 0 | 15 | 52 | 52.00 | 1 | 1 |
Science - Physics | 0 | 2 | 1 | 0 | 15 | 106 | 115.50 | 2 | 2 |
Literature - British Literature | 0 | 1 | 0 | 0 | 10 | 105 | 105.00 | 0 | 1 |
Current Events | 0 | 1 | 0 | 1 | 10 | 123 | 123.00 | 0 | 1 |
Fine Arts - Other Arts | 0 | 1 | 1 | 0 | 5 | 85 | 85.00 | 1 | 1 |
History - Other History | 0 | 0 | 1 | 0 | -5 | 0.00 | 0 | 0 |